000 01197cab a2200277 4500
001 ABS56932
008 090401t1997 xxu||||| |||| 00| 0 eng d
035 _a(Sirsi) u78402
041 _aeng
100 _aHevey, G.
245 _aAdjudicating a solution
260 _c1997
350 _a0
490 _aBuilding Services & Environmental Engineer
_v20(8) April 1997, 12(1)
520 _aConsiders the benefits and disadvantages of adjudication clauses which will automatically be included in building contracts when the Housing Grants Construction and Regeneration Act 1996 comes into full force.
650 _aADJUDICATION CLAUSES
650 _aMANAGEMENT-DISPUTE AVOIDANCE, MANAGEMENT AND RESOLUTION-DISPUTE MANAGEMENT AND RESOLUTION-ALTERNATIVE DISPUTE RESOLUTION-ADJUDICATION
650 _aBUILT ENVIRONMENT-BUILDING CONTRACT FORMS
650 _aCONSTRUCTION DISPUTES
650 _aHOUSING GRANTS CONSTRUCTION AND REGENERATION ACT 1996
650 _aSCHEME FOR CONSTRUCTION CONTRACTS
650 _aTERMS OF ENGAGEMENT
690 _aMANAGEMENT-DISPUTE AVOIDANCE, MANAGEMENT AND RESOLUTION-DISPUTE MANAGEMENT AND RESOLUTION-ARBITRATION
942 _n0
948 _c19/05/1997
999 _c49344
_d49344